00830cam a22002411 4500001001300000003000400013005001700017008004100034010001700075035001900092040004200111043001200153050001400165051001700179100003200196245012100228260004800349300002100397490005700418500005300475650004300528999001700571e 29000003 DLC20260227111218.0800130s1928 dcu 000 0 eng c ae 29000003  a(OCoLC)5924742 aU.S. Off. of educ. LibrarycMChBdDLC an-us---00aL111b.A6 aLB1607b.J531 aJessen, Carl Arthur,d1887-10aRequirements for high-school graduation,cby Carl A. Jessen, specialist in secondary education, Bureau of education. aWashington,bU.S. Govt. print. off.,c1928. av, 24 p.c23 cm.0 a[U.S.] Bureau of education. Bulletin, 1928,vno. 21 aAt head of title: Department of the interior ... 0aHigh schoolsxGraduation requirements. c20943d20943